Normal view
MARC view
Entry Topical Term
001 - CONTROL NUMBER
- control field: 23718
003 - CONTROL NUMBER IDENTIFIER
- control field: ARRUPE
005 - DATE AND TIME OF LATEST TRANSACTION
- control field: 20160412145953.0
008 - FIXED-LENGTH DATA ELEMENTS
- fixed length control field: 160412|| aca||aabn | a|a d
040 ## - CATALOGING SOURCE
- Original cataloging agency: ARRUPE
- Transcribing agency: ARRUPE
150 ## - HEADING--TOPICAL TERM
- Topical term or geographic name as entry element: Actors
- Geographic subdivision: Soviet Union.
670 ## - SOURCE DATA FOUND
- Source citation: Work cat.: (ARRUPE)0: Filippov, B. M. (Boris Mikhaĭlovich) 23717, Actors without make-up /, 1977.